000 00218nam a2200097Ia 4500
008 240331s9999 xx 000 0 und d
082 _bMUR
100 _aMurukaiyan, R
245 0 _aVerriyaddu :
_bpaaddu koothu
942 _cL
999 _c3705
_d3705